Sports Quiz

Random Sports or Cricket Quiz

2011 Cricket World Cup quiz Stats

 Plays Quiz not verified by Sporcle

Also try: Spain vs. Italy
Challenge
Share
Tweet
Embed
Score 0/41 Timer 06:00
0 Plays Today
% Correct
India
97.5%
Australia
96.6%
Pakistan
95.4%
Sri Lanka
93.5%
England
92.6%
New Zealand
92.2%
South Africa
92.2%
West Indies
90.3%
MS Dhoni
89.9%
Bangladesh
89.2%
Ireland
88.4%
Ricky Ponting
87.3%
Zimbabwe
84.8%
Netherlands
82.5%
Andrew Strauss
80.6%
Kenya
79.7%
Graeme Smith
79.5%
Canada
75.5%
Mumbai
75.1%
Daniel Vettori
74.9%
Shahid Afridi
73.6%
% Correct
Kumar Sangakkara
73.4%
Darren Sammy
66.5%
Delhi
65.8%
Chennai
64.6%
Colombo
58%
Dhaka
56.1%
Kolkata
55.3%
Bangalore
55.3%
Shakib Al Hasan
50.2%
William Porterfield
47%
Mohali
36.7%
Kandy
35.4%
Ahmedabad
33.8%
Chittagong
32.7%
Nagpur
30.6%
Peter Borren
28.3%
Elton Chigumbura
27%
Ashish Bagai
23%
Hambantota
16.7%
Jimmy Kamande
14.1%

You're not logged in!

Compare scores with friends on all Sporcle quizzes.
OR
Log In

You Might Also Like...

Show Comments

Extras

Created Feb 17, 2011ReportNominate
Tags:Cricket Quiz, World Quiz, 2011, cup

Top Quizzes Today


Score Distribution

Your Account Isn't Verified!

In order to create a playlist on Sporcle, you need to verify the email address you used during registration. Go to your Sporcle Settings to finish the process.

Report this User

Report this user for behavior that violates our Community Guidelines.

Details: